5HLuxD.jpg

KING HENRY VIII SENIOR AND PRIMARY SCHOOL LIBRARY OPAC

I WONDER WHY (Record no. 4597)

000 -LEADER
fixed length control field 00267nam a22001097a 4500
008 - FIXED-LENGTH DATA ELEMENTS--GENERAL INFORMATION
fixed length control field 250304b ||||| |||| 00| 0 eng d
020 ## - INTERNATIONAL STANDARD BOOK NUMBER
International Standard Book Number 9780753405208
082 ## - DEWEY DECIMAL CLASSIFICATION NUMBER
Classification number FIC CHA
100 ## - MAIN ENTRY--PERSONAL NAME
Personal name CHARMAN,ANDREW
Relator term AUTHOR
245 ## - TITLE STATEMENT
Title I WONDER WHY
Remainder of title TREES HAVE LEAVES
942 ## - ADDED ENTRY ELEMENTS (KOHA)
Source of classification or shelving scheme
Holdings
Withdrawn status Lost status Source of classification or shelving scheme Damaged status Not for loan Collection code Permanent Location Current Location Shelving location Date acquired Full call number Barcode Date last seen Price effective from Koha item type Public note
          Non-Fiction KH8 Primary School Library KH8 Primary School Library Non Fiction 2025-03-04 FIC CHA KHPL000006432 2025-12-05 2025-03-04 Books - Non Ficton KH8 PRIMARY LIBRARY

Powered By KH8 IT Dept